000 00843cam a22002893a 4500
001 10226
003 PGUSA
005 20140828083221.0
008 031101s2003||||xxu|||||s|||||000 1 eng d
040 _aPGUSA
_beng
042 _adc
050 4 _aPS
100 1 _aSaunders, Marshall,
_d1861-1947
245 1 0 _aBeautiful Joe :
_bAn Autobiography
_h[electronic resource] /
_cMarshall Saunders
260 _bProject Gutenberg,
_c2003
506 _aPublic domain in the USA.
516 _aElectronic text
653 _aAnimal welfare -- Fiction
653 _aHuman-animal relationships -- Fiction
653 _aCanada -- Fiction
653 _aDidactic fiction
653 _aDog owners -- Fiction
653 _aDogs -- Fiction
830 0 _aProject Gutenberg
_v10226
856 4 0 _uhttp://www.gutenberg.org/ebooks/10226
942 _cEB
999 _c239481
_d239481